LEADER 01518nam0 22003131i 450 001 UON00430230 005 20231205104904.139 010 $a978-88-8443-492-0 100 $a20130923d2013 |0itac50 ba 101 $aita 102 $aIT 105 $a|||| 1|||| 200 1 $aUomo e animale$eidentitą in divenire$eincontri metamorfici in Fuglane di Tarjei Vesaas e in Gepardene di Finn Carling$fSara Culeddu 210 $aTrento$cUniversitą degli studi di Trento, Dipartimento di lettere e filosofia$d2013 215 $a212 p.$d22 cm. 316 $aDono Universitą degli studi di Trento$5IT-UONSI NorvI BVES CUL 410 1$1001UON00087935$12001 $aLabirinti$ecollana del Dipartimento di Scienze Filologiche e Storiche$fDirettore Fabrizio Cambi$v149 606 $aVESAAS TARJEI$xFuglane$xCritica$3UONC084587$2FI 606 $aCARLING FINN$xGepardene$xCritica$3UONC084588$2FI 620 $aIT$dTrento$3UONL000925 676 $a839.8237$cLetteratura narrativa norvegese (Bokmål, Riksmål). 1900-1999$v21 700 1$aCULEDDU$bSara$3UONV218287$0711709 712 $aUniversitą degli Studi di Trento$3UONV249027$4650 801 $aIT$bSOL$c20240220$gRICA 899 $aSIBA - SISTEMA BIBLIOTECARIO DI ATENEO$2UONSI 912 $aUON00430230 950 $aSIBA - SISTEMA BIBLIOTECARIO DI ATENEO$dSI Norv I B VES CUL $eSI 6634 7 Dono Universitą degli studi di Trento 996 $aUomo e animale$91335709 997 $aUNIOR